| 000 | 01313cam a2200349 a 4500 | ||
|---|---|---|---|
| 999 |
_c23444 _d23444 |
||
| 001 | 16129745 | ||
| 003 | OSt | ||
| 005 | 20200519122711.0 | ||
| 008 | 100311s2009 ii 001 0 eng | ||
| 010 | _a 2010316954 | ||
| 020 | _a9788180883774 | ||
| 025 | _aI-E-2010-316954; 10-90 | ||
| 037 |
_bLibrary of Congress -- New Delhi Overseas Office _cRs150.00 |
||
| 040 |
_aDLC _coclc _dDLC |
||
| 042 | _alcode | ||
| 043 |
_af------ _aa------ |
||
| 050 | 0 | 0 |
_aHG187.4 _b.Z83 2009 |
| 082 |
_a332.091767 _bZUB/I |
||
| 100 |
_aZubairi, Suhail _92433 |
||
| 245 | 1 | 0 |
_aIslamic finance / _c Suhail Zubairi. |
| 260 |
_aNew Delhi : _bMarkazi Maktaba Islami Publishers, _c2009. |
||
| 300 |
_a220 p _c23 cm. |
||
| 500 | _aCopyright: Board of Islamic Publications Trust. | ||
| 500 | _aIncludes index. | ||
| 650 | 0 |
_aFinance _xReligious aspects _xIslam. |
|
| 650 | 0 | _aFinance (Islamic law) | |
| 650 | 0 |
_aFinancial institutions _zIslamic countries. |
|
| 710 | 2 | _aBoard of Islamic Publications (New Delhi, India) | |
| 906 |
_a7 _bcbc _corigode _d3 _encip _f20 _gy-gencatlg |
||
| 942 |
_2ddc _cBK _h332.091767 _iZUB/I _k332.091767 _mZUB/I |
||